Quartiers de Roubaix sur une carte - Statistiques

Statistiques générales
  • Ce quiz a été pris 149 fois
  • Le résultat moyen est 10 sur 31
Réponses sur la Carte
Les réponses sont colorées sur une échelle allant du rouge au vert en fonction du pourcentage des utilisateurs qui les ont devinées à leur premier essai. Vous pouvez retrouver ces pourcentages ci-dessous.
 
Statistiques - réponses
Réponse % Correct
Alma Gare (Fontenoy)
91%
Épeule
78%
Pile
69%
Nouveau Roubaix
67%
Trois Ponts
64%
Potennerie
53%
Barbieux
52%
Fresnoy Mackellerie
45%
Hommelet
44%
Fosse aux Chênes
42%
Centre Ville
38%
Cul de Four
32%
Hauts Champs
28%
Fraternité
25%
Hutin - Oran Cartigny
24%
Sartel Carihem
24%
Moulin
20%
Sainte Élisabeth
20%
Justice
19%
Trichon
18%
Anseele Motte Bossut
17%
Linné Boulevard
15%
Nations Unies
13%
Vauban
13%
Crouy
11%
Édouard Vaillant
11%
Entrepont
11%
Armentières
10%
Chemin Neuf
10%
Espérance
10%
Petites Haies
10%
Aucun quiz correspondant
Distribution des résultats
% des personnes avec chaque résultat
Percentile par nombre de réponses
Votre historique - résultats
Vous n’avez pas pris ce quiz